| 000 | 00997nmc a2200325 a 4500 | ||
|---|---|---|---|
| 003 | AR-BaBNM | ||
| 005 | 20251128204238.0 | ||
| 008 | 135119s1992 ||||||||||||||000 | spa|| | ||
| 020 | _a950-06-2101-0 | ||
| 040 | _cAR-BaBNM | ||
| 100 | 1 | _aTannhauser, Miriam T. | |
| 245 | 1 | 0 |
_aProblemas de aprendizaje perceptivomotor _bmétodos y materiales preescolares |
| 260 |
_aBuenos Aires _bEditorial Médica Panamericana _c1992 |
||
| 300 | 0 |
_a197 p. _bil., cuadros, gráfs. |
|
| 490 | 0 | _aEducación especial | |
| 504 | _aBibliografía: p. 196-197 | ||
| 650 | 4 | _aEDUCACION ESPECIAL | |
| 650 | 4 | _aDIFICULTADES EN EL APRENDIZAJE | |
| 650 | 4 | _aPROGRAMAS DE EDUCACION ESPECIAL | |
| 650 | 4 | _aEDUCACION SENSORIAL | |
| 650 | 4 | _aPSICOMOTRICIDAD | |
| 650 | 4 | _aACTIVIDADES DE APRENDIZAJE | |
| 650 | 4 | _aPARTICIPACION DE LOS PADRES | |
| 653 | _aEDUCACION INICIAL | ||
| 653 | _aDISCAPACIDADES | ||
| 700 | 1 | _aRincón, María Lucrecia | |
| 700 | 1 | _aFeldman, Jacobo | |
| 942 | _cBK | ||
| 998 | _cGrace | ||
| 999 |
_c6694 _d6694 |
||